| 000 | 00640nam a2200205 a 4500 | ||
|---|---|---|---|
| 005 | 20240504063736.0 | ||
| 008 | 991125s1995 mad 000 0 spa u | ||
| 020 | _a8448118316 | ||
| 035 | _aUPN01000007752 | ||
| 049 | _aCG | ||
| 050 | 4 |
_aQ125 _bC33 |
|
| 100 | 1 | _aCalvo Hernando, Manuel | |
| 245 | 1 | 3 |
_aLa ciencia en el tercer milenio : _bdesafíos, direcciones y tendencias / _cManuel Calvo Hernando. |
| 260 |
_aMadrid : _bMcGraw-Hill, _c1995. |
||
| 300 |
_axvi, 253 p. : _bil. |
||
| 440 | 0 | _aSerie McGraw-Hill de divulgación científica | |
| 650 | 4 |
_aCiencia _xHistoria _94695 |
|
| 650 | 4 |
_aCIENCIA Y CIVILIZACION _93496 |
|
| 905 | _aLibro | ||
| 999 |
_c7752 _d7752 |
||